I libri della Jungla
Uloženo v:
| Hlavní autor: | |
|---|---|
| Médium: | Kniha |
| Jazyk: | Undetermined |
| Vydáno: |
Roma, Italia
Biblioteca Económica Newton
2003
|
| Vydání: | 2 |
| Témata: | |
| Tagy: |
Přidat tag
Žádné tagy, Buďte první, kdo vytvoří štítek k tomuto záznamu!
|
MARC
| LEADER | 00000nam a2200000Ia 4500 | ||
|---|---|---|---|
| 008 | 170316s9999 xx 000 0 und d | ||
| 040 | |a cru BVZT | ||
| 090 | |a 820 K-5i | ||
| 100 | |a Kipling, Rudyard | ||
| 245 | |a I libri della Jungla | ||
| 250 | |a 2 | ||
| 260 | |a Roma, Italia | ||
| 260 | |b Biblioteca Económica Newton | ||
| 260 | |c 2003 | ||
| 300 | |a 256 páginas | ||
| 650 | |a LITERATURA INGLESA | ||
| 650 | |a EN IDIOMA ITALIANO | ||
| 650 | |a LIBRO DELLA JUNGLA | ||
| 999 | |c 6971 |d 6971 | ||
| 942 | |c 15 D |h 820 K-5i |2 z | ||
